| 000 | 00745cam a2200145 4500500 | ||
|---|---|---|---|
| 005 | 20260208005741.0 | ||
| 041 | _afre | ||
| 042 | _adc | ||
| 100 | 1 | 0 |
_aHartmann, Pierre _eauthor |
| 245 | 0 | 0 | _aJENS IVO ENGELS, Königsbilder Sprechen, Singen und Schreiben über den französischen König in der ersten Hälfte des achtzehnten Jahrhunderts. Pariser Historische Studien, herausgegeben vom Deutschen Historischen Institut Paris, Bouvier Verlag. Bonn 2000. Un vol. de 333 p. |
| 260 | _c2003. | ||
| 500 | _a14 | ||
| 786 | 0 | _nRevue d'histoire littéraire de la France | 103 | 3 | 2003-08-01 | p. 707q-754q | 0035-2411 | |
| 856 | 4 | 1 | _uhttps://shs.cairn.info/revue-d-histoire-litteraire-de-la-france-2003-3-page-707q?lang=fr&redirect-ssocas=7080 |
| 999 |
_c1653568 _d1653568 |
||